000 00713nam a2200217 a 4500
001 000042268
005 20201002040037.0
008 131121s1991 sp 000 0 spa d
020 _a8440622953
040 _aDO-SdBNP
_bspa
_cBNPHU
082 _axxx
_bxxx
100 1 _aEllis, Bret Easton
_969305
240 1 0 _aAmerican Psycho
_leng
245 1 0 _aAmerican psycho /
_cBret Easton Ellis ; traducción de Mariano Antolín Rato.
260 _aBarcelona :
_bEdiciones B,
_c1991.
300 _a469 p. ;
_c22 cm.
490 1 _aTiempos modernos
500 _aIncluye datos biográficos del autor en la solapa de la contracubierta
700 1 2 _aAntolín Rato, Mariano
_etr.
_946981
830 0 _aTiempos modernos
_927645
999 _c41757
_d41757